书目信息 |
| 题名: |
世纪的先知
|
|
| 作者: | 胡辉华 著 | |
| 分册: | ||
| 出版信息: | 保定 河北大学出版社 1998 |
|
| 页数: | 182页 | |
| 开本: | 20cm | |
| 丛书名: | 西方大师思想精华丛书 | |
| 单 册: | ||
| 中图分类: | B561.54 | |
| 科图分类: | ||
| 主题词: | 罗素,B.(1872~1970)--哲学 | |
| 电子资源: | ||
| ISBN: | 7-81028-450-9 | |
| 000 | 00694nam0 2200241 450 | |
| 001 | 0552032593 | |
| 005 | 20051027143421.40 | |
| 010 | @a7-81028-450-9@dCNY10.00 | |
| 092 | @aCN | |
| 100 | @a20051027d1998 km y0chiy0120 ea | |
| 101 | 0 | @achi |
| 102 | @aCN | |
| 200 | 1 | @a世纪的先知@Ashi ji de xian zhi@e伯特兰·罗素@f胡辉华著@Fhu hui hua zhu |
| 210 | @a保定@c河北大学出版社@d1998 | |
| 215 | 1 | @a182页@d20cm |
| 225 | @a西方大师思想精华丛书 | |
| 410 | 0 | @12001 @a西方大师思想精华丛书 |
| 517 | 1 | @a伯特兰·罗素@Abo te lan·luo su |
| 606 | 0 | @a罗素,B.(1872~1970)@x哲学 |
| 690 | @aB561.54@v4 | |
| 701 | 0 | @a胡辉华@Ahu hui hua@4著 |
| 801 | 0 | @aCN@bPFT@c20051027 |
| 905 | @a10447@dB561.54@e26 | |
| 世纪的先知:伯特兰·罗素/胡辉华著.-保定:河北大学出版社,1998 |
| 182页;20cm.-(西方大师思想精华丛书) |
| ISBN 7-81028-450-9:CNY10.00 |
| ● |
| 相关链接 |
|
|
|
|
正题名:世纪的先知
索取号:B561.54/26
 
预约/预借
| 序号 | 登录号 | 条形码 | 馆藏地/架位号 | 状态 | 备注 |
| 1 | 0337020 | 203370208 | 第一样本阅览室/ [索取号:B561.54/26] | 在馆 | |
| 2 | 0337021 | 203370217 | 第一借阅区/ [索取号:B561.54/26] | 在馆 | |
| 3 | 0337022 | 203370226 | 第一借阅区/ [索取号:B561.54/26] | 在馆 | |
| 4 | 0337023 | 203370235 | 第一借阅区/ [索取号:B561.54/26] | 在馆 | |
| 5 | 0337024 | 203370244 | 第一借阅区/ [索取号:B561.54/26] | 在馆 |